Precalculus: enhanced with graphing utilities

محفوظ في:
التفاصيل البيبلوغرافية
المؤلف الرئيسي: Sullivan, Michael (مؤلف)
التنسيق: كتاب
اللغة:الإنجليزية
منشور في: Upper Saddle River Pearson Prentice Hall 2006
الطبعة:4a. ed
الموضوعات:
الوسوم: إضافة وسم
لا توجد وسوم, كن أول من يضع وسما على هذه التسجيلة!

MARC

LEADER 00000cam a2200000 a 4500
001 UCE5349
003 CL-VaPUC
008 141230e20060000us |||||||||||||||||eng|d
020 |a 0131490923 
082 0 4 |a 515.7  |b SUL  |2 21 
100 0 |a Sullivan, Michael  |e author  |9 577937 
245 1 0 |a Precalculus: enhanced with graphing utilities 
250 |a 4a. ed 
300 |a 1039 p 
942 |c BK 
945 |d 20141230 16:04:00  |a dcastane 
260 |a Upper Saddle River  |b Pearson Prentice Hall  |c 2006 
650 0 |a Análisis funcional   |9 269993 
650 0 |a Teoría de conjuntos   |9 265668 
650 0 |a Números reales   |9 270334 
650 0 |a Trigonometría   |9 259568 
650 0 |a Geometría analítica   |9 260062 
583 |a last modification  |c 20141230 16:04:00  |k Rodrigo Vera 
999 |c 358096  |d 358094 
952 |0 0  |1 0  |3 erd  |4 0  |6 515_700000000000000_SUL_2006  |7 0  |8 A  |9 466479  |a BIBING  |b BIBING  |i 5133181  |l 2  |o 515.7 SUL 2006  |p 5133181  |r 2025-01-20  |s 2024-03-11  |w 2019-11-23  |y BK  |z Catalogado en:20141230  |k CIC